Proposed amendments to the land tribunal rules (Record no. 71229)

MARC details
000 -LEADER
fixed length control field 01071cam a2200205 4500
001 - CONTROL NUMBER
control field WB3835-14
008 - FIXED-LENGTH DATA ELEMENTS--GENERAL INFORMATION
fixed length control field 020925n2002 000 0 eng u
035 ## - SYSTEM CONTROL NUMBER
System control number (Sirsi) u119850
245 ## - TITLE STATEMENT
Title Proposed amendments to the land tribunal rules
260 ## - PUBLICATION, DISTRIBUTION, ETC.
Date of publication, distribution, etc. 2002
490 ## - SERIES STATEMENT
Series statement RICS Residential Faculty News
Volume/sequential designation 24 September 2002, (1)
520 ## - SUMMARY, ETC.
Summary, etc. Lord Chancellorαs Department has issued a consultation to seek views on changes to the Lands Tribunal Rules that are proposed as a result of provisions in the Commonhold and Leasehold Reform Act 2002. For the RICS Residential Faculty News release: http://www.rics.org/ricscms/bin/show?class=News&template=/includes/shownews.html&id=3727&faculty=Residential%20Property&faculty=All%20Faculties For the consultation paper: http://www.lcd.gov.uk/consult/common/landstrib.htm
590 ## - LOCAL NOTE (RLIN)
Local note WB
650 ## - SUBJECT ADDED ENTRY--TOPICAL TERM
Topical term or geographic name entry element LORD CHANCELLORS DEPARTMENT
650 ## - SUBJECT ADDED ENTRY--TOPICAL TERM
Topical term or geographic name entry element COMMONHOLD AND LEASEHOLD REFORM ACT 2002
650 ## - SUBJECT ADDED ENTRY--TOPICAL TERM
Topical term or geographic name entry element LANDS TRIBUNAL
650 ## - SUBJECT ADDED ENTRY--TOPICAL TERM
Topical term or geographic name entry element LEASEHOLD VALUATION TRIBUNAL
690 ## - LOCAL SUBJECT ADDED ENTRY--TOPICAL TERM (OCLC, RLIN)
Topical term or geographic name as entry element LANDLORD AND TENANT-LEASEHOLD REFORM
942 ## - ADDED ENTRY ELEMENTS (KOHA)
Suppress in OPAC 0
Holdings
Withdrawn status Lost status Source of classification or shelving scheme Damaged status Not for loan Home library Current library Shelving location Date acquired Total Checkouts Full call number Barcode Date last seen Copy number Price effective from Koha item type
    Dewey Decimal Classification     London London News article 25/09/2002   WB3835-14 119850-1001 06/08/2019 1 06/08/2019 News article